000 00595nam a2200193Ia 4500
005 20260114185807.0
008 008 260114s9999 xx 000 0 eng d
020 _a9798400610127
037 _aEBOOK
040 _aCRL
_beng
_cCRL
041 _aeng
_2eng
084 _qCRL
100 _aC.G. Prado
_9874484
245 0 _aAmerica's Post-Truth Phenomenon When Feelings and Opinions Trump Facts and Evidence
260 _bBloomsbury
_c2018
856 _uhttps://doi.org/10.5040/9798400610127?locatt=label:secondary_bloomsburyCollections
942 _cEBOOK
999 _c1473418
_d1473418